Datum a čas kvízu
32.5
Celkem bodů
Celkový počet nahraných bodů na tomto kvízu bez doplňovacích otázek.
6.
Pořadí na kvízu
Konečné umístění týmu na tomto kvízu.
Zaznamenané odpovědi
| # | Otázka | Odpověď | Body | Výsledky |
|---|---|---|---|---|
| 1. | Jak se nazývá americká společn... | Westinghouse | 1 | |
| 2. | Na poslední chvíli se přihlási... | Igor Matovič | 1 | |
| 3. | Cenu Czech Press Photo za rok... | D) v budově soudu | 0 | |
| 4. | V pondělí byl slavnostně otevř... | v Otrokovicích | 0 | |
| 5. | Jak se jmenuje 38letý český cy... | Zdeněk Štybar | 1 | |
| 6. | Ve třetím díle cestovatelského... | Jeseník | 1 | |
| 7. | Přejdeme k písmenu K. Který z... | B | 0 | |
| 8. | Kdepak Paříž. Ve kterém městě... | v Las Vegas | 1 | |
| 9. | S písmenem M se vracíme do Čes... | v Mníšku pod Brdy | 1 | |
| 10. | Ve kterém století byl vybudová... | v 19. století | 1 |